Bài giảng giải tích
Nội dung cuốn sách trình bày: Số thực, không gian metric, giới hạn và liên tục, vi phân hàm một biến, tích phân riemann-stieltjes, chuỗi số và tích phân suy rộng,...
Đã lưu trong:
| 主要作者: | |
|---|---|
| 格式: | 圖書 |
| 語言: | Undetermined |
| 出版: |
Hà Nội
Đại học Quốc gia Hà Nội
2001
|
| 主題: | |
| 標簽: |
添加標簽
沒有標簽, 成為第一個標記此記錄!
|
| Thư viện lưu trữ: | Trung tâm Học liệu Trường Đại học Cần Thơ |
|---|
| LEADER | 00800nam a2200205Ia 4500 | ||
|---|---|---|---|
| 001 | CTU_42081 | ||
| 008 | 210402s9999 xx 000 0 und d | ||
| 020 | |c 30000 | ||
| 082 | |a 515 | ||
| 082 | |b T305/T.1 | ||
| 100 | |a Nguyễn, Duy Tiến | ||
| 245 | 0 | |a Bài giảng giải tích | |
| 245 | 0 | |c Nguyễn Duy Tiến | |
| 260 | |a Hà Nội | ||
| 260 | |b Đại học Quốc gia Hà Nội | ||
| 260 | |c 2001 | ||
| 520 | |a Nội dung cuốn sách trình bày: Số thực, không gian metric, giới hạn và liên tục, vi phân hàm một biến, tích phân riemann-stieltjes, chuỗi số và tích phân suy rộng,... | ||
| 650 | |a Mathematical analysis | ||
| 904 | |i Duy Bằng | ||
| 980 | |a Trung tâm Học liệu Trường Đại học Cần Thơ | ||